Rimas
Gorde:
| Egile nagusia: | |
|---|---|
| Formatua: | Liburua |
| Hizkuntza: | Undetermined |
| Argitaratua: |
Madrid, España
Espasa-Calpe
1975
|
| Edizioa: | 3 |
| Gaiak: | |
| Etiketak: |
Etiketa erantsi
Etiketarik gabe, Izan zaitez lehena erregistro honi etiketa jartzen!
|
MARC
| LEADER | 00000nam a2200000Ia 4500 | ||
|---|---|---|---|
| 008 | 170316s9999 xx 000 0 und d | ||
| 040 | |a cru BVZT | ||
| 090 | |a 862 B-7r | ||
| 100 | |a Bécquer, Gustavo Adolfo | ||
| 245 | |a Rimas | ||
| 250 | |a 3 | ||
| 260 | |a Madrid, España | ||
| 260 | |b Espasa-Calpe | ||
| 260 | |c 1975 | ||
| 300 | |a 148 páginas | ||
| 650 | |a LITERATURA ESPAÑOLA | ||
| 650 | |a RIMAS | ||
| 650 | |a BÉCQUER - VIDA | ||
| 999 | |c 9587 |d 9587 | ||
| 942 | |c 15 D |h 862 B-7r |2 z | ||
